[Event "3rd Al Ain Chess Classic"]
[Site "Al-Ain UAE"]
[Date "2014.12.21"]
[Round "4.49"]
[White "Feldman, Vladimir"]
[Black "Ali, Abdulaziz"]
[Result "0-1"]
[WhiteTitle "IM"]
[WhiteElo "2168"]
[BlackElo "1718"]
[WhiteFideId "3201791"]
[BlackFideId "9304347"]
[EventDate "2014.12.19"]

1. d4 d5 2. c4 dxc4 3. e3 e5 4. Bxc4 exd4 5. Nf3 Bb4+ 6. Kf1 Nf6 7. Qa4+ Nc6 8.
Nxd4 Qd6 9. a3 Bc5 10. Nxc6 bxc6 11. b4 Bb6 12. Bb2 O-O 13. Qc2 Be6 14. Be2 Nd5
15. Nc3 f5 16. Rd1 Qe7 17. h4 Nf6 18. Bf3 Ng4 19. Re1 Bc4+ 20. Be2 Qe6 21. Na4
Bxe2+ 22. Rxe2 Rad8 23. Rh3 f4 24. exf4 Qd6 25. Nxb6 cxb6 26. Qc3 Rd7 27. Rg3
Qxf4 28. Qb3+ Kh8 29. Kg1 Rfd8 30. Bc3 Rd1+ 31. Be1 Rxe1+ 0-1

[Event "3rd Al Ain Chess Classic"]
[Site "Al-Ain UAE"]
[Date "2014.12.21"]
[Round "4.50"]
[White "Ahmad, Alzarovni"]
[Black "Khalafova, Narmin"]
[Result "0-1"]
[BlackTitle "WFM"]
[WhiteElo "1721"]
[BlackElo "2161"]
[WhiteFideId "9302301"]
[BlackFideId "13402625"]
[EventDate "2014.12.19"]

1. d4 Nf6 2. c4 g6 3. Nc3 Bg7 4. e4 d6 5. Nf3 O-O 6. Be2 Nbd7 7. O-O e5 8. d5 a5
9. Bg5 h6 10. Bh4 Nc5 11. Nd2 c6 12. b3 Qe8 13. a3 Nh7 14. Rb1 f5 15. f3 f4 16.
b4 Nd7 17. Bf2 Rf6 18. c5 axb4 19. axb4 Bf8 20. b5 Nxc5 21. Bxc5 dxc5 22. bxc6
bxc6 23. dxc6 Rxc6 24. Bb5 Ba6 25. Bxc6 Qxc6 26. Re1 Bd3 27. Rc1 c4 28. h3 Nf6
29. Ra1 Rb8 30. Qa4 Qc5+ 31. Kh2 Qf2 32. Red1 Rb2 0-1

[Event "3rd Al Ain Chess Classic"]
[Site "Al-Ain UAE"]
[Date "2014.12.21"]
[Round "4.51"]
[White "Al-Zaruoni, Fahad"]
[Black "Vaishali, R"]
[Result "1/2-1/2"]
[WhiteTitle "CM"]
[BlackTitle "WFM"]
[WhiteElo "1654"]
[BlackElo "2134"]
[WhiteFideId "9300660"]
[BlackFideId "5091756"]
[EventDate "2014.12.19"]

1. c4 Nf6 2. Nc3 e5 3. g3 d5 4. cxd5 Nxd5 5. Bg2 Nb6 6. d3 Be7 7. Nf3 Nc6 8. O-O
O-O 9. a3 a5 10. b3 Be6 11. Bb2 f6 12. Nd2 Nd5 13. Rc1 Nxc3 14. Rxc3 Bd5 15. Nf3
Ra6 16. e3 b5 17. d4 e4 18. Nd2 f5 19. a4 Rb6 20. axb5 Rxb5 21. Nc4 Qd7 22. Ba3
Rfb8 23. Bxe7 Qxe7 24. Nd2 Nb4 25. Qa1 c6 26. Rb1 c5 27. dxc5 Rc8 28. c6 Rxc6
29. Rxc6 Nxc6 30. Bf1 Rb4 31. Nc4 a4 32. bxa4 Bxc4 33. Rc1 Bd5 34. Bb5 Na7 35.
Qc3 Nxb5 36. axb5 Rc4 37. Qa1 Qf6 38. Qa3 Qb6 39. Rb1 Rc8 40. Qe7 Qc7 41. Qxc7
Rxc7 42. b6 Rd7 43. Rd1 Kf7 44. b7 Rxb7 45. Rxd5 Kf6 46. h4 Rb6 47. Kg2 h6 48.
Ra5 g5 49. hxg5+ hxg5 1/2-1/2

[Event "3rd Al Ain Chess Classic"]
[Site "Al-Ain UAE"]
[Date "2014.12.21"]
[Round "4.52"]
[White "Sameir, Ramez"]
[Black "Atakishiyev, Elmar"]
[Result "1-0"]
[WhiteElo "2128"]
[BlackElo "1648"]
[WhiteFideId "10606017"]
[BlackFideId "13410547"]
[EventDate "2014.12.19"]

1. e4 e6 2. d3 d5 3. Nd2 c5 4. Ngf3 Nc6 5. g3 b6 6. Bg2 Bb7 7. O-O Nf6 8. Re1
Qc7 9. e5 Nd7 10. Qe2 O-O-O 11. Nf1 h6 12. h4 Be7 13. h5 Rdg8 14. c3 g5 15. hxg6
Rxg6 16. Bf4 h5 17. a3 h4 18. b4 hxg3 19. fxg3 Qd8 20. N1d2 f6 21. exf6 Bxf6 22.
b5 Ne7 23. d4 Nf5 24. Qd3 Qg8 25. Nf1 Bg7 26. Ra2 Bh6 27. Ne5 Nxe5 28. Bxe5 c4
29. Qf3 Bg7 30. Ne3 Nxe3 31. Rxe3 Bxe5 32. dxe5 Qh7 33. Rf2 Qh2+ 34. Kf1 Qh7 35.
Qf7 Qxf7 36. Rxf7 Rhg8 37. Kf2 R8g7 38. Ref3 Rxf7 39. Rxf7 Rg5 40. Bh3 Rxe5 41.
Re7 Kb8 42. Rxe6 Rxe6 43. Bxe6 Kc7 44. Ke3 Kd6 45. Bf5 a6 46. bxa6 Bxa6 47. Kd4
Bb5 48. g4 Be8 49. g5 b5 50. g6 Ke7 51. Kxd5 Kf6 52. Bc2 Bd7 53. Kd6 Be8 54. Be4
Kg7 55. Ke7 1-0

[Event "3rd Al Ain Chess Classic"]
[Site "Al-Ain UAE"]
[Date "2014.12.21"]
[Round "4.53"]
[White "Pujari, Rucha"]
[Black "Ahmed Mohamed Qayed"]
[Result "1-0"]
[WhiteTitle "WFM"]
[WhiteElo "2109"]
[BlackElo "1551"]
[WhiteFideId "5024528"]
[BlackFideId "9314261"]
[EventDate "2014.12.19"]

1. d4 Nf6 2. Nf3 e6 3. c4 b6 4. g3 Bb7 5. Bg2 Nc6 6. O-O Qe7 7. d5 exd5 8. cxd5
Nb4 9. Bg5 Nbxd5 10. e4 h6 11. exd5 hxg5 12. Re1 Ne4 13. Nfd2 O-O-O 14. Nxe4 f5
15. d6 Qe5 16. Nxg5 Qxd6 17. Qxd6 Bxd6 18. Bxb7+ Kxb7 19. Nf7 Rde8 20. Nc3 Rhf8
21. Nxd6+ cxd6 22. Rxe8 Rxe8 23. f4 a6 24. Kf2 b5 25. Re1 Rxe1 26. Kxe1 Kc6 27.
Kd2 b4 28. Ne2 Kc5 29. Kd3 a5 30. Nd4 g6 31. b3 Kd5 32. Nf3 Ke6 33. Kd4 1-0

[Event "3rd Al Ain Chess Classic"]
[Site "Al-Ain UAE"]
[Date "2014.12.21"]
[Round "4.54"]
[White "Jasmeher, Singh Kathuria"]
[Black "Praggnanandhaa, R"]
[Result "0-1"]
[BlackTitle "FM"]
[WhiteElo "1500"]
[BlackElo "2104"]
[WhiteFideId "25092120"]
[BlackFideId "25059530"]
[EventDate "2014.12.19"]

1. e4 e5 2. Nc3 Nc6 3. g3 Nf6 4. Bg2 Bc5 5. Nge2 O-O 6. d3 a5 7. h3 d6 8. O-O
Be6 9. Kh2 d5 10. Bg5 d4 11. Bxf6 Qxf6 12. Nb5 Qe7 13. f4 f6 14. a4 Qd7 15. f5
Bf7 16. Ng1 Ne7 17. h4 c6 18. Na3 b5 19. axb5 cxb5 20. Qe2 Rfc8 21. g4 Qc6 22.
Rf2 b4 23. Nc4 Bxc4 24. dxc4 d3 25. cxd3 Bxf2 26. Qxf2 Rd8 27. Bf1 a4 28. Qe1
Qc5 29. Ra2 Nc6 30. Nf3 b3 31. Ra1 a3 32. Qd2 axb2 33. Qxb2 Rxa1 34. Qxa1 Qf2+
35. Bg2 Qa2 36. Qf1 Qc2 37. Ne1 Qc1 38. d4 b2 39. Nd3 Qxf1 40. Bxf1 b1=Q 0-1

[Event "3rd Al Ain Chess Classic"]
[Site "Al-Ain UAE"]
[Date "2014.12.21"]
[Round "4.55"]
[White "Safarov, Zirva"]
[Black "Haitham, Alkindi"]
[Result "1-0"]
[WhiteElo "2104"]
[BlackElo "1402"]
[WhiteFideId "13413040"]
[BlackFideId "9312455"]
[EventDate "2014.12.19"]

1. f4 b6 2. Nf3 Bb7 3. e3 e6 4. Be2 Be7 5. O-O f5 6. a4 Nf6 7. a5 bxa5 8. d3 c5
9. Nbd2 O-O 10. Nc4 Nc6 11. Bd2 d6 12. Bxa5 Nxa5 13. Nxa5 Qc7 14. Qd2 Rad8 15.
Nxb7 Qxb7 16. Ra2 Rd7 17. Rfa1 g6 18. Ng5 e5 19. Bf3 e4 20. dxe4 fxe4 21. Rxa7
Qxa7 22. Rxa7 Rxa7 23. Bxe4 Ra1+ 24. Kf2 Nxe4+ 25. Nxe4 Raa8 26. g4 Rad8 27.
Qd5+ Kg7 28. Kg3 Rde8 29. h4 h6 30. Kf3 Rd8 31. h5 g5 32. Ng3 Rde8 33. Nf5+ Kh7
34. Qe6 Bf6 35. Qxd6 gxf4 36. exf4 Rf7 37. g5 1-0

[Event "3rd Al Ain Chess Classic"]
[Site "Al-Ain UAE"]
[Date "2014.12.21"]
[Round "4.56"]
[White "Bunyatov, Rustam"]
[Black "Mosallam, Mohammad"]
[Result "1-0"]
[WhiteTitle "CM"]
[WhiteElo "2077"]
[BlackElo "1486"]
[WhiteFideId "13410210"]
[BlackFideId "9308709"]
[EventDate "2014.12.19"]

1. c4 Nf6 2. g3 e6 3. Bg2 d5 4. Nf3 Be7 5. O-O O-O 6. b3 b6 7. Bb2 Bb7 8. d3
Nbd7 9. Nbd2 c5 10. Re1 Qc7 11. e4 dxe4 12. dxe4 e5 13. Nh4 g6 14. Nb1 Rad8 15.
Nc3 Nb8 16. Nd5 Nxd5 17. exd5 Bxh4 18. gxh4 Rfe8 19. Qg4 Qd6 20. h5 Bc8 21. Qg3
Bf5 22. f4 exf4 23. Qc3 f6 24. hxg6 Bxg6 25. Qxf6 Qxf6 26. Bxf6 Rc8 27. Bh3
Rxe1+ 28. Rxe1 Rf8 29. Bc3 Re8 30. Rxe8+ Bxe8 31. Be5 Bd7 32. Bf1 Na6 33. Bxf4
Nb4 34. a3 Na2 35. Bb8 a6 36. Ba7 b5 37. Bxc5 1-0

[Event "3rd Al Ain Chess Classic"]
[Site "Al-Ain UAE"]
[Date "2014.12.21"]
[Round "4.57"]
[White "Mokal, Amruta Sunil"]
[Black "Alur Varun"]
[Result "1-0"]
[WhiteElo "2054"]
[BlackElo "1350"]
[WhiteFideId "5016371"]
[BlackFideId "46649123"]
[EventDate "2014.12.19"]

1. e4 e5 2. Nf3 Nc6 3. d4 exd4 4. Nxd4 Bc5 5. Nb3 Bb6 6. Nc3 Nf6 7. Qe2 Qe7 8.
Bg5 Nd4 9. Nxd4 Bxd4 10. Nd5 Qd6 11. O-O-O Bxb2+ 12. Kxb2 Qe5+ 13. c3 Qxg5 14.
Nxc7+ Ke7 15. Nxa8 Qa5 16. Qb5 Qxb5+ 17. Bxb5 Kd8 18. Rd4 Ng4 19. Rhd1 Nxf2 20.
R1d2 Ng4 21. Bxd7 Nxh2 22. Bf5+ Ke7 23. Nc7 Bxf5 24. exf5 Kf6 25. Rd6+ Kxf5 26.
Rf2+ Ke5 27. Rd5+ Ke4 28. Rd4+ Ke5 29. Rxf7 1-0

[Event "3rd Al Ain Chess Classic"]
[Site "Al-Ain UAE"]
[Date "2014.12.21"]
[Round "4.58"]
[White "ALTaher, Saeed Tarek"]
[Black "Mohammed, Tarig Elther"]
[Result "0-1"]
[WhiteElo "1437"]
[BlackElo "2044"]
[WhiteFideId "9304045"]
[BlackFideId "12200964"]
[EventDate "2014.12.19"]

1. e4 c5 2. Nf3 Nc6 3. Bc4 e6 4. d4 cxd4 5. Nxd4 a6 6. O-O Nf6 7. Bg5 h6 8. Bh4
Be7 9. Nxc6 bxc6 10. e5 Nd5 11. Bxe7 Qxe7 12. Qd4 c5 13. Qg4 Bb7 14. Nd2 O-O 15.
Ne4 f5 16. exf6 Nxf6 17. Nxf6+ Rxf6 18. Rad1 Qf7 19. Bd3 Rf8 20. f3 d5 21. c3
Qc7 22. Rfe1 c4 23. Bc2 Qb6+ 24. Kh1 Qxb2 25. Bb1 Qxc3 26. Rxe6 Bc8 0-1

[Event "3rd Al Ain Chess Classic"]
[Site "Al-Ain UAE"]
[Date "2014.12.21"]
[Round "4.59"]
[White "Alnyeyadi, Abdulla"]
[Black "Amer, Mohammed Bishara"]
[Result "0-1"]
[WhiteElo "1423"]
[BlackElo "1955"]
[WhiteFideId "9308393"]
[BlackFideId "12200719"]
[EventDate "2014.12.19"]

1. d4 d5 2. c4 c6 3. Nc3 Nf6 4. e3 Bf5 5. Qb3 b6 6. cxd5 cxd5 7. Bb5+ Nbd7 8.
Nxd5 Nxd5 9. Qxd5 Be6 10. Bxd7+ Bxd7 11. Nf3 e6 12. Qe4 Be7 13. O-O O-O 14. Bd2
Rc8 15. Rac1 Bb5 16. Rxc8 Qxc8 17. Rc1 Qd8 18. Qb7 Bf6 19. Qxa7 Be2 20. Ne1 e5
21. Bb4 Re8 22. Rc2 Bh5 23. Rd2 exd4 24. Bc3 Qc8 25. Qxb6 dxc3 26. Rc2 Bg6 27.
Rc1 Qd7 28. bxc3 Qd2 29. Rb1 Bxb1 0-1

[Event "3rd Al Ain Chess Classic"]
[Site "Al-Ain UAE"]
[Date "2014.12.21"]
[Round "4.60"]
[White "Elmejbri, Ali A."]
[Black "Orujova, Najiba"]
[Result "1-0"]
[WhiteTitle "FM"]
[WhiteElo "1954"]
[BlackElo "1332"]
[WhiteFideId "9200398"]
[BlackFideId "13415913"]
[EventDate "2014.12.19"]

1. e4 e6 2. Nc3 d5 3. exd5 exd5 4. d4 Nf6 5. Bg5 Be7 6. Bd3 c6 7. Nf3 Bg4 8. h3
Bxf3 9. Qxf3 Nbd7 10. O-O O-O 11. Rfe1 Re8 12. Ne2 Rc8 13. c3 Ne4 14. Bxe7 Rxe7
15. Ng3 Nxg3 16. Qxg3 Nf6 17. Re5 Rxe5 18. dxe5 Nd7 19. Re1 Nc5 20. Bc2 Ne6 21.
Kh2 Qg5 22. Qxg5 Nxg5 23. f4 Ne6 24. f5 Nc7 25. g4 h6 26. Kg3 Kf8 27. Kf4 Re8
28. h4 Nb5 29. g5 hxg5+ 30. hxg5 Nd6 31. Rh1 Nc4 32. b3 Nb6 33. Rh8+ Ke7 34. Rh7
Rg8 35. f6+ gxf6 36. exf6+ Kf8 37. Bf5 c5 38. g6 1-0

[Event "3rd Al Ain Chess Classic"]
[Site "Al-Ain UAE"]
[Date "2014.12.21"]
[Round "4.61"]
[White "Sultan, Fadel Saeed M Alshamsi"]
[Black "Abdulkarim, Ali"]
[Result "1-0"]
[WhiteElo "1247"]
[BlackElo "1943"]
[WhiteFideId "9309551"]
[BlackFideId "9301640"]
[EventDate "2014.12.19"]

1. e4 e6 2. d4 d5 3. e5 c5 4. Nf3 Nc6 5. Be3 Qb6 6. b3 cxd4 7. Bxd4 Bc5 8. c3
Nge7 9. a4 Bxd4 10. Nxd4 Nxe5 11. Bb5+ Bd7 12. Bxd7+ Nxd7 13. Qg4 O-O 14. a5 Qa6
15. Qe2 Qxe2+ 16. Kxe2 Rac8 17. Rd1 Nc5 18. Nd2 e5 19. N4f3 f6 20. c4 d4 21. b4
d3+ 22. Kf1 Ne6 23. Ne1 Rfd8 24. Ra3 e4 25. Nxe4 Rxc4 26. Nc5 Nxc5 27. bxc5 d2
28. Nd3 Ng6 29. Rxd2 Nf4 30. g3 Rxd3 31. Raxd3 Rc1+ 32. Rd1 Nxd3 33. Rxc1 Nxc1
34. a6 1-0

[Event "3rd Al Ain Chess Classic"]
[Site "Al-Ain UAE"]
[Date "2014.12.21"]
[Round "4.62"]
[White "Walid, Anwar"]
[Black "Singh Gurmeher"]
[Result "1-0"]
[WhiteElo "1919"]
[BlackElo "1243"]
[WhiteFideId "9302271"]
[BlackFideId "25089455"]
[EventDate "2014.12.19"]

1. d4 d5 2. c4 e6 3. Nf3 f5 4. Nc3 Nf6 5. Bf4 Be7 6. e3 O-O 7. Qc2 c6 8. Bd3 Ne4
9. g4 Bh4 10. Nxh4 Qxh4 11. gxf5 Nxc3 12. bxc3 exf5 13. Rg1 g6 14. Qb3 Rd8 15.
Rg3 b6 16. Bg5 Qxh2 17. Bxd8 Qh1+ 18. Bf1 Be6 19. c5 b5 20. a4 a6 21. axb5 cxb5
22. Bg5 Qh5 23. Bxb5 Qh1+ 24. Bf1 Nc6 25. Rh3 Qe4 26. f3 h6 27. fxe4 fxe4 28.
Rxh6 Rb8 29. Qa4 Bd7 30. Rxg6+ Kf7 31. Rxc6 Bxc6 32. Qxc6 Re8 33. Qf6+ Kg8 34.
Rxa6 Rf8 35. Qg6+ Kh8 36. Bf6+ Rxf6 37. Ra8+ Rf8 38. Rxf8# 1-0

[Event "3rd Al Ain Chess Classic"]
[Site "Al-Ain UAE"]
[Date "2014.12.21"]
[Round "4.63"]
[White "Sidharth Balaji Sridharan"]
[Black "Ahmadzada, Ahmad"]
[Result "0-1"]
[BlackTitle "CM"]
[WhiteElo "1114"]
[BlackElo "1912"]
[WhiteFideId "45002789"]
[BlackFideId "13413007"]
[EventDate "2014.12.19"]

1. e4 c5 2. Nc3 Nc6 3. f4 e6 4. Nf3 a6 5. Be2 b5 6. a4 b4 7. Na2 Nf6 8. d3 Be7
9. O-O O-O 10. c3 bxc3 11. Nxc3 d5 12. Ne5 Nd4 13. Bf3 Bb7 14. Ne2 Nxf3+ 15.
gxf3 c4 16. dxc4 dxe4 17. Qxd8 Rfxd8 18. fxe4 Bc5+ 19. Kg2 Nxe4 20. Nf3 Rd3 21.
Ra3 Bxa3 22. bxa3 Nc3 23. Nxc3 Rxc3 24. Kg3 Bxf3 25. Rxf3 Rxc1 26. Rd3 Rxc4 27.
Rb3 Rxa4 28. Rc3 h5 29. h4 Rd8 0-1

[Event "3rd Al Ain Chess Classic"]
[Site "Al-Ain UAE"]
[Date "2014.12.21"]
[Round "4.67"]
[White "Ali, M Alkindi"]
[Black "Harikrishnan, Samyuktha"]
[Result "1/2-1/2"]
[WhiteElo "1443"]
[BlackElo "1452"]
[WhiteFideId "9312293"]
[BlackFideId "25076140"]
[EventDate "2014.12.19"]

1. d4 Nf6 2. c4 e6 3. Nc3 Bb4 4. f3 d5 5. a3 Bxc3+ 6. bxc3 h6 7. e3 Nbd7 8. cxd5
exd5 9. Bd3 O-O 10. Ne2 Re8 11. O-O b6 12. Ng3 Bb7 13. Qc2 c5 14. Bb2 Rxe3 15.
Rae1 Re8 16. Nf5 Nf8 17. c4 dxc4 18. Bxc4 cxd4 19. Bxd4 Ne6 20. Bxf6 Qxf6 21.
Kh1 Nd4 22. Bxf7+ Qxf7 23. Nxd4 Rac8 24. Qf5 Qxf5 25. Nxf5 Rxe1 26. Rxe1 Rc3 1/2-1/2

[Event "3rd Al Ain Chess Classic"]
[Site "Al-Ain UAE"]
[Date "2014.12.21"]
[Round "4.68"]
[White "Rashid, Shaeri"]
[Black "Almajbari, Abdalla Ali"]
[Result "0-1"]
[WhiteElo "1377"]
[BlackElo "1942"]
[WhiteFideId "9308113"]
[BlackFideId "9205314"]
[EventDate "2014.12.19"]

1. e4 d5 2. exd5 Qxd5 3. Nc3 Qd8 4. Bc4 e6 5. d3 Nf6 6. Qf3 Nc6 7. Bb3 Bc5 8.
Nge2 O-O 9. O-O Ne5 10. Qg3 Nc6 11. Bh6 Ne8 12. Rfe1 Qf6 13. Bg5 Qg6 14. Nf4 Qf5
15. Re4 Kh8 16. Qh4 Nf6 17. Bxf6 Qxf6 18. Qxf6 gxf6 19. Nh5 f5 20. Re2 Nd4 21.
Re5 Bd6 22. Ree1 Rg8 23. Re3 b5 24. Rh3 Bb7 25. f3 Be5 26. Re1 Nxf3+ 27. Rxf3
Bxf3 28. Rxe5 Rxg2+ 29. Kf1 Rag8 30. Nf6 R8g6 31. Re3 Rg1+ 0-1

[Event "3rd Al Ain Chess Classic"]
[Site "Al-Ain UAE"]
[Date "2014.12.21"]
[Round "4.69"]
[White "Talibov, Uzeyir"]
[Black "Hamad Essam"]
[Result "1-0"]
[WhiteElo "1577"]
[BlackElo "1383"]
[WhiteFideId "13414011"]
[BlackFideId "9313397"]
[EventDate "2014.12.19"]

1. d4 d5 2. c4 e6 3. Nc3 Nf6 4. cxd5 exd5 5. Bg5 Be7 6. e3 Ne4 7. Bxe7 Nxc3 8.
Bxd8 Nxd1 9. Bxc7 Nxb2 10. Rb1 Na4 11. Bb5+ Bd7 12. Bxd7+ Nxd7 13. Rxb7 O-O 14.
Bd6 Rfd8 15. Be7 Rdb8 16. Rxd7 Nc3 17. f3 Rb1+ 18. Kf2 Rab8 19. Rd8+ Rxd8 20.
Bxd8 Nxa2 21. Kg3 Nc3 22. h4 Kf8 23. Kh2 Ke8 24. Ba5 Rc1 25. Bxc3 Rxc3 26. e4
dxe4 27. fxe4 Rc8 28. Nf3 Ke7 29. Ra1 Ra8 30. Ra6 Kd7 31. Ne5+ Ke8 32. Nc6 1-0

[Event "3rd Al Ain Chess Classic"]
[Site "Al-Ain UAE"]
[Date "2014.12.21"]
[Round "4.71"]
[White "Khaled Tarek AlTaher"]
[Black "Mohamed, Marshool"]
[Result "0-1"]
[WhiteElo "1286"]
[BlackElo "1518"]
[WhiteFideId "9307575"]
[BlackFideId "9306552"]
[EventDate "2014.12.19"]

1. e4 c5 2. Nf3 e6 3. d4 cxd4 4. Qxd4 Qc7 5. Nc3 a6 6. Be3 b5 7. O-O-O Nc6 8.
Qb6 Qxb6 9. Bxb6 Bb7 10. Bxb5 axb5 11. Nxb5 Rc8 12. Nc7+ Ke7 13. Bc5+ Kf6 14.
Bxf8 Rxc7 15. e5+ Kg6 16. Nh4+ Kh6 17. g4 Nge7 18. g5+ Kh5 19. Bxe7 Nxe7 20. Nf3
Bxf3 0-1

[Event "3rd Al Ain Chess Classic"]
[Site "Al-Ain UAE"]
[Date "2014.12.21"]
[Round "4.72"]
[White "Ammar, Sedrani"]
[Black "Alali, Ali"]
[Result "1-0"]
[WhiteElo "1485"]
[BlackElo "1230"]
[WhiteFideId "9312331"]
[BlackFideId "9309063"]
[EventDate "2014.12.19"]

1. d4 Nf6 2. Nf3 e6 3. b3 b6 4. Bb2 Bb7 5. e3 d5 6. Nbd2 Nbd7 7. Bd3 Ne4 8. Ne5
Nxe5 9. dxe5 Nxd2 10. Qxd2 Be7 11. O-O O-O 12. f4 c5 13. Qe2 g6 14. Rf3 d4 15.
e4 a6 16. Rh3 b5 17. f5 exf5 18. exf5 Bc8 19. Qf3 Re8 20. Qxa8 Qc7 21. fxg6 fxg6
22. Qd5+ Kg7 23. e6 Rg8 24. Rxh7+ Kxh7 25. Qh5+ Kg7 26. Qxg6+ Kf8 27. Qf7# 1-0

[Event "3rd Al Ain Chess Classic"]
[Site "Al-Ain UAE"]
[Date "2014.12.21"]
[Round "4.73"]
[White "Al- Meghbali, Ahmed"]
[Black "Al Ali, Hamad"]
[Result "1-0"]
[WhiteElo "1448"]
[BlackElo "1219"]
[WhiteFideId "9306943"]
[BlackFideId "9310711"]
[EventDate "2014.12.19"]

1. d4 Nf6 2. c4 e6 3. Nc3 Bb4 4. Qc2 b6 5. a3 Bxc3+ 6. bxc3 Bb7 7. Bg5 h6 8.
Bxf6 Qxf6 9. e4 O-O 10. Bd3 d5 11. cxd5 exd5 12. Ne2 dxe4 13. Bxe4 Bxe4 14. Qxe4
Nd7 15. O-O Rfe8 16. Qd3 Rad8 17. Rfe1 Nc5 18. Qc2 Ne4 19. Ng3 Ng5 20. Qa4 Rxe1+
21. Rxe1 a5 22. h3 c5 23. dxc5 Qxc3 24. Re8+ Rxe8 25. Qxe8+ Kh7 26. cxb6 Qc1+
27. Nf1 Qc2 28. b7 Ne4 29. Qxf7 Qb1 30. Qf5+ g6 31. Qd7+ Kg8 32. Qc8+ Kg7 33.
b8=Q 1-0

[Event "3rd Al Ain Chess Classic"]
[Site "Al-Ain UAE"]
[Date "2014.12.22"]
[Round "5.1"]
[White "Kryvoruchko, Yuriy"]
[Black "Onischuk, Vladimir"]
[Result "1/2-1/2"]
[WhiteTitle "GM"]
[BlackTitle "GM"]
[WhiteElo "2671"]
[BlackElo "2614"]
[WhiteFideId "14109182"]
[BlackFideId "14114038"]
[EventDate "2014.12.19"]

1. e4 c6 2. d4 d5 3. e5 Bf5 4. Nf3 e6 5. Be2 c5 6. O-O Nc6 7. c3 cxd4 8. Nxd4
Nge7 9. f4 h5 10. Be3 g6 11. Nd2 Nxd4 12. cxd4 Nc6 13. a3 Qb6 14. b4 a5 15. Qa4
Bh6 16. Kf2 O-O 17. b5 Ne7 18. h3 Rac8 19. Rac1 f6 20. exf6 Rxc1 21. Rxc1 Rxf6
22. Nb3 Qd6 23. Qxa5 Bxf4 24. Bxf4 Qxf4+ 25. Bf3 Bd3 26. Qd8+ Kf7 27. Rc7 Qh4+
28. Ke3 Rxf3+ 29. Kxf3 Qe4+ 30. Kf2 Qe2+ 1/2-1/2

[Event "3rd Al Ain Chess Classic"]
[Site "Al-Ain UAE"]
[Date "2014.12.22"]
[Round "5.2"]
[White "Gopal, G.N."]
[Black "Kuzubov, Yuriy"]
[Result "1/2-1/2"]
[WhiteTitle "GM"]
[BlackTitle "GM"]
[WhiteElo "2580"]
[BlackElo "2701"]
[WhiteFideId "5015693"]
[BlackFideId "14112906"]
[EventDate "2014.12.19"]

1. e4 c5 2. Nf3 Nc6 3. Bb5 e6 4. O-O Nge7 5. Re1 a6 6. Bf1 d5 7. exd5 Nxd5 8. d4
Be7 9. c4 Nf6 10. Be3 O-O 11. Nc3 cxd4 12. Nxd4 Bd7 13. Nf3 Qc7 14. g3 Rfd8 15.
Qe2 Bb4 16. Rac1 Bxc3 17. Rxc3 e5 18. h3 Re8 19. Rcc1 Qc8 20. Kh2 e4 21. Nd4 Ne5
22. Qc2 Nd3 23. Bxd3 exd3 24. Qxd3 Bxh3 25. f3 Bd7 26. Kg2 h5 27. Bg5 Nh7 28.
Bf4 Bh3+ 29. Kf2 Qc5 30. Rxe8+ Rxe8 31. Re1 Rd8 32. Be3 Qc8 33. Qe4 Nf6 34. Qh4
Bf5 35. b3 Bg6 36. Kg2 b5 37. Bg5 Rd6 38. Qf4 Qd7 39. Bxf6 gxf6 40. Rd1 Qe7 41.
c5 Rxd4 42. Rxd4 Qe2+ 43. Kg1 Qe1+ 44. Kg2 Qe2+ 1/2-1/2

[Event "3rd Al Ain Chess Classic"]
[Site "Al-Ain UAE"]
[Date "2014.12.22"]
[Round "5.3"]
[White "Zhigalko, Sergei"]
[Black "Sengupta, Deep"]
[Result "1/2-1/2"]
[WhiteTitle "GM"]
[BlackTitle "GM"]
[WhiteElo "2672"]
[BlackElo "2566"]
[WhiteFideId "13502956"]
[BlackFideId "5008352"]
[EventDate "2014.12.19"]

1. e4 e6 2. d4 d5 3. Nd2 Nf6 4. e5 Nfd7 5. Bd3 c5 6. c3 Nc6 7. Ne2 cxd4 8. cxd4
f6 9. exf6 Qxf6 10. Nf3 h6 11. O-O Bd6 12. Be3 O-O 13. Rc1 Rd8 14. Bb1 Nf8 15.
Qd2 Bd7 16. Bf4 Be8 17. Bxd6 Rxd6 18. Rfe1 Bg6 19. Nf4 Bxb1 20. Rxb1 g5 21. Nh5
Qf7 22. Ng3 Ng6 23. b4 a6 24. a4 Rd7 25. Rb3 Re7 26. h3 Rc8 27. b5 axb5 28. axb5
Nd8 29. Nh2 Nf4 30. Ne2 Rec7 31. Ng4 Kg7 32. Rf3 Rc2 33. Qe3 Nxe2+ 34. Rxe2 Rc1+
35. Kh2 Qc7+ 36. Rg3 Rc3 37. Qd2 Qf4 38. Ne3 1/2-1/2

[Event "3rd Al Ain Chess Classic"]
[Site "Al-Ain UAE"]
[Date "2014.12.22"]
[Round "5.4"]
[White "Oleksienko, Mikhailo"]
[Black "Petrosian, Tigran L."]
[Result "1/2-1/2"]
[WhiteTitle "GM"]
[BlackTitle "GM"]
[WhiteElo "2621"]
[BlackElo "2651"]
[WhiteFideId "4152417"]
[BlackFideId "13301616"]
[EventDate "2014.12.19"]

1. d4 f5 2. c4 Nf6 3. Nc3 g6 4. Bg5 Bg7 5. Bxf6 Bxf6 6. e4 d6 7. Nf3 Nc6 8. exf5
Bxf5 9. d5 Bxc3+ 10. bxc3 Ne5 11. Nd4 O-O 12. Be2 e6 13. O-O exd5 14. Nxf5 gxf5
15. f4 Nd7 16. Qxd5+ Kg7 17. Qxb7 Nc5 18. Qd5 Qf6 19. Qd4 Rfe8 20. Bf3 Rab8 21.
Rae1 Qxd4+ 22. cxd4 Rxe1 23. Rxe1 Nd3 24. Rd1 Nxf4 25. Rd2 Rb4 26. g3 Nh3+ 27.
Kg2 Ng5 28. Bd5 c6 29. Bxc6 Rxc4 30. Bd5 Ra4 31. Bb3 Rb4 32. Rd3 a5 33. h4 Ne4
34. Kf3 h5 35. Bd5 Nf6 36. Be6 Rb1 37. Kf4 Rf1+ 38. Rf3 Re1 39. Kxf5 Ng4 40. Bb3
Kh6 41. Kf4 Nf6 42. Rf2 d5 43. Kf5 Ng4 44. Rf3 Re8 45. Rc3 Ne3+ 46. Kf4 Re4+ 47.
Kf3 Nf5 48. Bxd5 Rg4 49. Rc6+ Kg7 50. Ra6 Nxg3 51. Be6 Rg6 52. d5 Nf1 53. Rxa5
Kf6 54. Kf4 Rg2 55. Ra6 Rf2+ 56. Ke4 Ng3+ 57. Ke3 Rh2 58. a4 Ke5 59. a5 Ne4 60.
Ra8 Nd6 61. a6 Rxh4 62. Bd7 Rh1 63. Bc6 Ra1 64. Kf3 Ra3+ 65. Kg2 Kd4 66. Bb7 Kc5
67. Rh8 h4 68. Rxh4 Nxb7 69. axb7 Rb3 70. Rh7 Kxd5 71. Kf2 Kc6 72. Ke2 Rxb7 73.
Rxb7 Kxb7 1/2-1/2